OPEN GL programming guide. The official guide to learning Open GL, release 1
Guardat en:
| Autors principals: | , , |
|---|---|
| Format: | Llibre |
| Idioma: | anglès |
| Publicat: |
Reading
Addison-Wesley
1993
|
| Matèries: | |
| Etiquetes: |
Afegir etiqueta
Sense etiquetes, Sigues el primer a etiquetar aquest registre!
|
MARC
| LEADER | 00000nam a2200000 a 4500 | ||
|---|---|---|---|
| 001 | UCY9093 | ||
| 003 | CL-VaPUC | ||
| 008 | 950713e19930000US |||||||||||||||||eng|d | ||
| 082 | 0 | 4 | |a 006.6 |b NEI |2 21 |
| 100 | 0 | |a Neider, Jackie |e author |9 341124 | |
| 700 | 0 | |a Davis, Tom |e author |9 341125 | |
| 700 | 0 | |a Woo, Mason |e author |9 341126 | |
| 245 | 1 | 0 | |a OPEN GL programming guide. The official guide to learning Open GL, release 1 |
| 246 | 1 | 0 | |a Open GL arquitecture review board |
| 300 | |a 516 p | ||
| 942 | |c BK | ||
| 945 | |d 19950713 00:00:00 |a awong | ||
| 260 | |a Reading |b Addison-Wesley |c 1993 | ||
| 650 | 0 | |a Gráficos por computador |9 262412 | |
| 650 | 7 | |a DISEÑO ASISTIDO POR COMPUTADOR |2 CL-VaPUC |9 341127 | |
| 650 | 7 | |a OPEN GL |2 CL-VaPUC |9 341128 | |
| 583 | |a last modification |c 19950713 00:00:00 |k Rodrigo Vera | ||
| 999 | |c 236257 |d 236255 | ||
| 952 | |0 0 |1 0 |4 0 |6 006_600000000000000_NEI_1993 |7 0 |8 A |9 244271 |a BIBING |b BIBING |d 2019-11-18 |i 3106004 |o 006.6 NEI 1993 |p 3106004 |r 2025-01-20 |w 2019-11-18 |y BK |k CCI | ||
| 952 | |0 0 |1 0 |4 0 |6 006_600000000000000_NEI_1993 |7 0 |8 A |9 244272 |a BIBING |b BIBING |d 2019-11-18 |i 3123065 |o 006.6 NEI 1993 |p 3123065 |r 2025-01-20 |w 2019-11-18 |y BK |k CCI | ||